Essential truths of the Christian faith / (Record no. 9846)
[ view plain ]
| 000 -LEADER | |
|---|---|
| fixed length control field | 00985pam a2200277 a 4500 |
| 001 - CONTROL NUMBER | |
| control field | 3923336 |
| 003 - CONTROL NUMBER IDENTIFIER | |
| control field | OSt |
| 005 - DATE AND TIME OF LATEST TRANSACTION | |
| control field | 20210204154430.0 |
| 008 - FIXED-LENGTH DATA ELEMENTS--GENERAL INFORMATION | |
| fixed length control field | 920710s1992 ilua b 001 0 eng |
| 010 ## - LIBRARY OF CONGRESS CONTROL NUMBER | |
| LC control number | 92023300 |
| 020 ## - INTERNATIONAL STANDARD BOOK NUMBER | |
| International Standard Book Number | 0842359362 : |
| Terms of availability | $16.99 |
| 040 ## - CATALOGING SOURCE | |
| Original cataloging agency | DLC |
| Transcribing agency | DLC |
| Modifying agency | DLC |
| 050 00 - LIBRARY OF CONGRESS CALL NUMBER | |
| Classification number | BT77 |
| Item number | .SP771E |
| 082 00 - DEWEY DECIMAL CLASSIFICATION NUMBER | |
| Classification number | 230/.57 |
| Edition number | 20 |
| Item number | SP771E |
| 100 1# - MAIN ENTRY--PERSONAL NAME | |
| Personal name | Sproul, R. C. |
| Fuller form of name | (Robert Charles), |
| Dates associated with a name | 1939- |
| 245 10 - TITLE STATEMENT | |
| Title | Essential truths of the Christian faith / |
| Statement of responsibility, etc. | R. C. Sproul. |
| 260 ## - PUBLICATION, DISTRIBUTION, ETC. | |
| Place of publication, distribution, etc. | Wheaton, Ill. : |
| Name of publisher, distributor, etc. | Tyndale House, |
| Date of publication, distribution, etc. | c1992. |
| 300 ## - PHYSICAL DESCRIPTION | |
| Extent | xxi, 302 p. : |
| Other physical details | ill. ; |
| Dimensions | 24 cm. |
| 504 ## - BIBLIOGRAPHY, ETC. NOTE | |
| Bibliography, etc. note | Includes bibliographical references (p. 289-296) and index. |
| 650 #0 - SUBJECT ADDED ENTRY--TOPICAL TERM | |
| Topical term or geographic name entry element | Theology, Doctrinal |
| General subdivision | Popular works. |
| 650 #0 - SUBJECT ADDED ENTRY--TOPICAL TERM | |
| Topical term or geographic name entry element | Reformed Church |
| General subdivision | Doctrines. |
| 650 #0 - SUBJECT ADDED ENTRY--TOPICAL TERM | |
| Topical term or geographic name entry element | Evangelicalism. |
| 906 ## - LOCAL DATA ELEMENT F, LDF (RLIN) | |
| a | 7 |
| b | cbc |
| c | orignew |
| d | 1 |
| e | ocip |
| f | 19 |
| g | y-gencatlg |
| 942 ## - ADDED ENTRY ELEMENTS (KOHA) | |
| Source of classification or shelving scheme | Dewey Decimal Classification |
| Koha item type | Books |
| Withdrawn status | Lost status | Source of classification or shelving scheme | Damaged status | Not for loan | Collection code | Home library | Current library | Shelving location | Date acquired | Total Checkouts | Full call number | Barcode | Date last seen | Price effective from | Koha item type |
|---|---|---|---|---|---|---|---|---|---|---|---|---|---|---|---|
| Dewey Decimal Classification | Non-fiction | Harvest Mission College | Harvest Mission College | General Stacks | 09.02.2021 | 230.57 SP771E | 011325 | 09.02.2021 | 09.02.2021 | Books |
